Statistics for George Bush... or George Bush

Click here to take the quiz!

General Stats

  • This quiz has been taken 5,479 times
  • The average score is 11 of 16

Answer Stats

QuestionAnswer% Correct
Was head of the Central Intelligence AgencyFather
92%
Served as Vice President of the U.S.Father
91%
Fought in combat while serving in the U.S. militaryFather
82%
Famously said "Read my lips: no new taxes"Father
81%
Fought a war against IraqBoth
78%
Served two terms as PresidentSon
78%
Was President at the same time that Tony Blair was Prime MinisterSon
78%
Has a better aggregate rating in rankings of U.S. Presidents from best to worstFather
78%
His "Summer White House" was located in Kennebunkport, MaineFather
77%
Ran against Bill ClintonFather
75%
Was governor of TexasSon
67%
Attended Yale UniversityBoth
64%
Was part owner of a Major League Baseball TeamSon
60%
His Secretary of Defense was Dick CheneyFather
41%
Reached a minimum approval rating below 30%Both
24%
Reached a maximum approval rating over 85%Both
17%

Score Distribution

Percentile by Number Answered

Percent of People with Each Score

Your Score History

You have not taken this quiz